| 000 -LEADER |
| fixed length control field |
01519cam a2200349 a 4500 |
| 001 - CONTROL NUMBER |
| control field |
14219991 |
| 005 - DATE AND TIME OF LATEST TRANSACTION |
| control field |
20170105102921.0 |
| 008 - FIXED-LENGTH DATA ELEMENTS--GENERAL INFORMATION |
| fixed length control field |
060105s2006 nyu 001 0 eng |
| 010 ## - LIBRARY OF CONGRESS CONTROL NUMBER |
| LC control number |
2006355014 |
| 020 ## - INTERNATIONAL STANDARD BOOK NUMBER |
| International Standard Book Number |
0743270665 |
| 035 ## - SYSTEM CONTROL NUMBER |
| System control number |
(OCoLC)ocm62764515 |
| 040 ## - CATALOGING SOURCE |
| Original cataloging agency |
BKL |
| Transcribing agency |
BKL |
| Modifying agency |
DLC |
| 042 ## - AUTHENTICATION CODE |
| Authentication code |
lccopycat |
| 043 ## - GEOGRAPHIC AREA CODE |
| Geographic area code |
n-us--- |
| 050 00 - LIBRARY OF CONGRESS CALL NUMBER |
| Classification number |
JK468.I6 |
| Item number |
R57 2006 |
| 100 1# - MAIN ENTRY--PERSONAL NAME |
| Personal name |
Risen, James. |
| 245 10 - TITLE STATEMENT |
| Title |
State of war : |
| Remainder of title |
the secret history of the CIA and the Bush administration / |
| Statement of responsibility, etc. |
James Risen. |
| 260 ## - PUBLICATION, DISTRIBUTION, ETC. |
| Place of publication, distribution, etc. |
New York : |
| Name of publisher, distributor, etc. |
Free Press, |
| Date of publication, distribution, etc. |
c2006. |
| 300 ## - PHYSICAL DESCRIPTION |
| Extent |
240 p. ; |
| Dimensions |
24 cm. |
| 500 ## - GENERAL NOTE |
| General note |
Includes index. |
| 600 10 - SUBJECT ADDED ENTRY--PERSONAL NAME |
| Personal name |
Bush, George W. |
| Fuller form of name |
(George Walker), |
| Dates associated with a name |
1946- |
| 600 10 - SUBJECT ADDED ENTRY--PERSONAL NAME |
| Personal name |
Bush, George, |
| Dates associated with a name |
1924- |
| 610 10 - SUBJECT ADDED ENTRY--CORPORATE NAME |
| Corporate name or jurisdiction name as entry element |
United States. |
| Subordinate unit |
Central Intelligence Agency. |
| 651 #0 - SUBJECT ADDED ENTRY--GEOGRAPHIC NAME |
| Geographic name |
United States |
| General subdivision |
Politics and government |
| Chronological subdivision |
1989- |
| 856 42 - ELECTRONIC LOCATION AND ACCESS |
| Materials specified |
Publisher description |
| Uniform Resource Identifier |
<a href="http://www.loc.gov/catdir/enhancements/fy0631/2006355014-d.html">http://www.loc.gov/catdir/enhancements/fy0631/2006355014-d.html</a> |
| 856 41 - ELECTRONIC LOCATION AND ACCESS |
| Materials specified |
Table of contents only |
| Uniform Resource Identifier |
<a href="http://www.loc.gov/catdir/enhancements/fy0631/2006355014-t.html">http://www.loc.gov/catdir/enhancements/fy0631/2006355014-t.html</a> |
| 856 41 - ELECTRONIC LOCATION AND ACCESS |
| Materials specified |
Sample text |
| Uniform Resource Identifier |
<a href="http://www.loc.gov/catdir/enhancements/fy0641/2006355014-s.html">http://www.loc.gov/catdir/enhancements/fy0641/2006355014-s.html</a> |
| 856 42 - ELECTRONIC LOCATION AND ACCESS |
| Materials specified |
Contributor biographical information |
| Uniform Resource Identifier |
<a href="http://www.loc.gov/catdir/enhancements/fy1107/2006355014-b.html">http://www.loc.gov/catdir/enhancements/fy1107/2006355014-b.html</a> |
| 906 ## - LOCAL DATA ELEMENT F, LDF (RLIN) |
| a |
7 |
| b |
cbc |
| c |
copycat |
| d |
1 |
| e |
ncip |
| f |
20 |
| g |
y-gencatlg |
| 942 ## - ADDED ENTRY ELEMENTS (KOHA) |
| Source of classification or shelving scheme |
|
| Koha item type |
Book |